000 00992nam a2200265Ia 4500
003 OSt
005 20220923211308.0
006 a|||||r|||| 00| 0
007 ta
008 220922b |||||||| |||| 00| 0 hin d
020 _a9788179754054 (hbk)
_c800
024 _a284,918
037 _b26, 02/02/2015, P. K. Books
_cTextual
040 _aARTS
_cARTS
_bhin
041 _2hin
_ahin
082 _aO152:g(Y15), P0;Q1
100 _aचतुर्वेदी, जगदीश्वर
245 0 _aस्त्रीवादी साहित्य विमर्श
246 _aStrīvādī sāhitya vimarsha
260 _aनई दिल्ली
_b अनामिका पब्लिर्शस
_c2011
300 _a384पृ.
_ccm.
650 _aहिन्दी साहित्य
_9156264
942 _hO152:g(Y15), P0;Q1
_cTEXL
_2CC
999 _c298210
_d298210